| 000 | 00707cam a22002411 4500 | ||
|---|---|---|---|
| 001 | sa 67003299 | ||
| 003 | DLC | ||
| 005 | 20260227112337.0 | ||
| 008 | 890825s1966 ii ac 100 0 urdo | ||
| 010 | _asa 67003299 | ||
| 035 | _a(OCoLC)20258129 | ||
| 040 |
_aDLC _cWaU _dDLC |
||
| 042 | _apremarc | ||
| 050 | 0 | 0 |
_aPK1971 _b.R3 1964 |
| 111 | 2 |
_aAll Rajasthan Urdu Symposium, _cJodhpur, _d1964. |
|
| 245 | 1 | 0 | _aRūdād. |
| 260 | _c[1966] | ||
| 300 |
_a278 p. (p. 275-278 advertisements) _billus., ports. _c25 cm. |
||
| 500 | _aIn Urdu. | ||
| 611 | 2 | 0 |
_aAll Rajasthan Urdu Symposium, _cJodhpur, _d1964. |
| 650 | 0 |
_aUrdu philology _vCongresses. |
|
| 700 | 1 | _aVaḥīd, Muḥammad Vaḥīdullāh Kh̲ān̲. | |
| 999 |
_c73773 _d73773 |
||